logo

Bir Sreshtho Munshi Abdur Rouf Library
Jhenaidah Cadet College

Check Your I.Q / (Record no. 9147)

MARC details
000 -LEADER
fixed length control field 00582nam a2200217 a 4500
001 - CONTROL NUMBER
JCCL Control Number 9147)
003 - CONTROL NUMBER IDENTIFIER
JCCL marc code BD-JhCC
005 - DATE AND TIME OF LATEST TRANSACTION
control field 20180521143731.0
008 - FIXED-LENGTH DATA ELEMENTS--GENERAL INFORMATION
fixed length control field 180310r19781990ii |||| |||| 000 0 eng d
035 ## - SYSTEM CONTROL NUMBER
system control number (BD-JhCC)9147)
040 ## - CATALOGING SOURCE
Original cataloging agency BD-JhCC
Modifying agency BD-JhCC
041 ## - LANGUAGE CODE
Language code of Book eng
082 ## - DEWEY DECIMAL CLASSIFICATION NUMBER
DDC Edition number 2nd edu.
Classification number 151
Author mark and Year SIN 1990
100 ## - MAIN ENTRY--PERSONAL NAME
Personal name Singh. A. E. C(Retd), Ma r Jodh
245 ## - TITLE STATEMENT
Title Check Your I.Q /
Statement of responsibility, etc Ma r Jodh, Singh. A. E. C(Retd)
250 ## - EDITION STATEMENT
Edition statement 2nd ed.
260 ## - PUBLICATION, DISTRIBUTION, ETC. (IMPRINT)
Place of publication, distribution, etc India:
Name of publisher, distributor, etc NEW LIGHT PUBLICATIONS,
Date of publication, distribution, etc 1990.
300 ## - PHYSICAL DESCRIPTION
Pagination 144 P.:
Dimensions 20 cm.
942 ## - ADDED ENTRY ELEMENTS (KOHA)
Source of classification or shelving scheme Dewey Decimal Classification
Koha item type Books
Holdings
Source of classification or shelving scheme Damaged status Not for loan Home library Current library Shelving location Date of accession Cost, normal purchase price Total Checkouts Full call number Barcode Date last seen Copy number Koha item type
Dewey Decimal Classification     JCC Rouf Library JCC Rouf Library General Stacks 03/10/2018 25.00   151 SIN 1990 12135 03/10/2018 C-1 Books

JCC Library | Contacts | JCC Home

Last Update on 23 September 2017
Copyright @ 2017-2020 JCC Rouf Library
Rouf Library, Jhenidah Cadet College (JCC), Bangladesh